Najbardziej utytułowani polscy siatkarze - Statystyki

Ogólne statystyki
  • Ten quiz został rozwiązany 1 126 razy
  • Średni wynik to 29 z 55
Statystyki odpowiedzi
Medale Pozycja Siatkarz % Poprawnych
8 Skrzydłowy Bartosz Kurek
97%
8 Libero Paweł Zatorski
93%
9 Przyjmujący Michał Kubiak
87%
6 Środkowy Karol Kłos
86%
3 Przyjmujący Aleksander Śliwka
83%
6 Rozgrywający Fabian Drzyzga
83%
9 Środkowy Piotr Nowakowski
83%
2 Przyjmujący Wilfredo Leon
83%
3 Środkowy Jakub Kochanowski
82%
4 Środkowy Mateusz Bieniek
82%
2 Przyjmujący Tomasz Fornal
74%
3 Rozgrywający Grzegorz Łomacz
73%
2 Atakujący Mariusz Wlazły
73%
2 Libero Jakub Popiwczak
71%
2 Rozgrywający Marcin Janusz
69%
3 Libero Damian Wojtaszek
68%
2 Atakujący Łukasz Kaczmarek
68%
4 Przyjmujący Michał Winiarski
68%
1 Przyjmujący Bartosz Bednorz
66%
5 Rozgrywający Paweł Zagumny
64%
4 Przyjmujący Artur Szalpuk
63%
4 Atakujący Dawid Konarski
62%
6 Libero Krzysztof Ignaczak
62%
3 Przyjmujący Bartosz Kwolek
61%
7 Środkowy Marcin Możdżonek
59%
2 Środkowy Norbert Huber
59%
4 Skrzydłowy Piotr Gruszka
59%
2 Środkowy Andrzej Wrona
55%
3 Atakujący Maciej Muzaj
54%
3 Rozgrywający Marcin Komenda
47%
4 Skrzydłowy Zbigniew Bartman
47%
5 Rozgrywający Łukasz Żygadło
46%
1 Przyjmuący Sebastian Świderski
46%
3 Przyjmujący Mateusz Mika
44%
3 Libero Piotr Gacek
41%
1 Środkowy Łukasz Kadziewicz
39%
5 Atakujący Jakub Jarosz
38%
2 Środkowy Łukasz Wiśniewski
37%
2 Środkowy Daniel Pliński
33%
1 Atakujący Damian Schulz
31%
2 Przyjmujący Rafał Buszek
31%
5 Przyjmujący Michał Ruciak
30%
2 Rozgrywający Paweł Woicki
30%
1 Atakujący Bartłomiej Bołądź
29%
1 Atakujący Grzegorz Szymański
29%
1 Przyjmujący Rafał Szymura
28%
1 Środkowy Bartłomiej Lemański
26%
3 Przyjmujący Michał Bąkiewicz
26%
1 Środkowy Wojciech Grzyb
21%
3 Środkowy Grzegorz Kosok
20%
1 Atakujący Marcel Gromadowski
19%
1 Libero Jędrzej Gruszczyński
18%
1 Środkowy Michał Szalacha
14%
1 Środkowy Patryk Czarnowski
14%
2 Przyjmujący Piotr Łukasik
13%
Nie znaleziono quizów pasujących do podanych kryteriów
Rozkład punktacji
Procent ludzi z każdym wynikiem
Percentyl według liczby udzielonych odpowiedzi
Twoja historia wyników
Nie rozwiązałeś tego quizu